[Event "2nd Oakham Young Masters"]
[Site "Oakham ENG"]
[Date "1986.04.04"]
[Round "3"]
[White "Rojas Sepulveda, Eduardo"]
[Black "Schandorff, Lars"]
[Result "1-0"]
[WhiteElo "2330"]
[BlackElo "2335"]
[EventDate "1986.04.02"]
[PlyCount "77"]
[Source "John Saunders"]

1.d4 Nf6 2.Nf3 d5 3.c4 e6 4.Nc3 Be7 5.Bg5 O-O 6.e3 h6 7.Bh4 b6 8.Be2 Bb7 
9.O-O Nbd7 10.Rc1 c5 11.cxd5 exd5 12.Ne5 Nxe5 13.dxe5 Ne8 14.Bg3 Nc7 15.
Bd3 Bh4 16.Ne2 Bxg3 17.Nxg3 Ba6 18.Bxa6 Nxa6 19.Qg4 Qg5 20.Qe2 Nb4 21.f4 
Qg6 22.a3 Nd3 23.Rc2 c4 24.e4 Qe6 25.Nf5 Kh8 26.Qg4 Rg8 27.exd5 Qxd5 28.
Kh1 Qe6 29.h3 b5 30.Nd6 Rgf8 31.Qf3 Rab8 32.b3 cxb3 33.Rc7 Nb2 34.f5 Qxe5 
35.Nxf7+ Rxf7 36.Rxf7 Nc4 37.f6 Rg8 38.fxg7+ Rxg7 39.Rf8+ 1-0

[Event "2nd Oakham Young Masters"]
[Site "Oakham ENG"]
[Date "1986.04.04"]
[Round "3"]
[White "Burgess, Mark"]
[Black "Howell, James"]
[Result "1/2-1/2"]
[WhiteElo "2270"]
[BlackElo "2395"]
[EventDate "1986.04.02"]
[PlyCount "46"]
[Source "John Saunders"]

1.Nf3 Nf6 2.c4 g6 3.b4 Bg7 4.Bb2 O-O 5.g3 c6 6.Bg2 d5 7.Na3 Qb6 8.Qb3 Na6 
9.Rb1 Bf5 10.Bd4 Qd8 11.d3 Nc7 12.O-O Bg4 13.Qb2 Bxf3 14.Bxf3 Nfe8 15.Bxg7
Nxg7 16.b5 Qd6 17.Rfc1 e6 18.Qb4 c5 19.Qc3 b6 20.cxd5 Nxd5 21.Qb2 Rac8 22.
Nc4 Qe7 23.Ne5 Qd6 1/2-1/2

[Event "2nd Oakham Young Masters"]
[Site "Oakham ENG"]
[Date "1986.04.04"]
[Round "3"]
[White "McDonald, Neil R."]
[Black "Thomas, Ian"]
[Result "1/2-1/2"]
[WhiteElo "2320"]
[BlackElo "2325"]
[EventDate "1986.04.02"]
[PlyCount "54"]
[Source "John Saunders"]

1.Nf3 f5 2.d4 g6 3.g3 Bg7 4.Bg2 Nf6 5.O-O O-O 6.c4 d6 7.Nc3 c6 8.d5 Bd7 9.
Be3 Na6 10.Qd2 Ng4 11.Bf4 Nc5 12.Rac1 Qb6 13.h3 Nf6 14.Be3 Nfe4 15.Nxe4 
Nxe4 16.Qc2 Qa5 17.b4 Qa3 18.dxc6 bxc6 19.Nd2 Nxd2 20.Qxd2 Rab8 21.Bg5 Bf6
22.Bxf6 Rxf6 23.b5 Qc5 24.bxc6 Bxc6 25.Bd5+ Kg7 26.Bxc6 Qxc6 27.Qe3 Rb7 
1/2-1/2

[Event "2nd Oakham Young Masters"]
[Site "Oakham ENG"]
[Date "1986.04.04"]
[Round "3"]
[White "Emms, John"]
[Black "Galego, Luis"]
[Result "0-1"]
[WhiteElo "2305"]
[BlackElo "2330"]
[EventDate "1986.04.02"]
[PlyCount "62"]
[Source "John Saunders"]

1.e4 c5 2.Nf3 d6 3.c3 Nf6 4.h3 g6 5.Bd3 Bg7 6.Bc2 Nc6 7.O-O O-O 8.d4 cxd4 
9.cxd4 d5 10.e5 Ne4 11.Nc3 Bf5 12.Ne2 f6 13.Nf4 Kh8 14.g4 Bc8 15.exf6 exf6
16.Bb3 f5 17.g5 Nxg5 18.Nxg6+ hxg6 19.Bxg5 Qd6 20.Qd2 f4 21.Rfe1 Bxh3 22.
Ne5 Nxe5 23.dxe5 Qe6 24.f3 Qf5 25.Bf6 Bxf6 26.exf6 Qxf6 27.Qh2 Qg5+ 28.Kh1
Rf7 29.Rg1 Qh5 30.Bd1 Rh7 31.Qxf4 Bf1+ 0-1

[Event "2nd Oakham Young Masters"]
[Site "Oakham ENG"]
[Date "1986.04.04"]
[Round "3"]
[White "Dawson, Craig"]
[Black "Nikolic, Nebojsa"]
[Result "0-1"]
[WhiteElo "2275"]
[BlackElo "2350"]
[EventDate "1986.04.02"]
[PlyCount "110"]
[Source "John Saunders"]

1.e4 e5 2.Nf3 Nc6 3.Bb5 a6 4.Ba4 Nf6 5.d3 b5 6.Bb3 Be7 7.Nbd2 O-O 8.c3 d5 
9.Qe2 Re8 10.Nf1 h6 11.Ng3 Bf8 12.O-O Na5 13.Bc2 c5 14.Rd1 Nc6 15.h3 Be6 
16.b3 Qc7 17.Bb2 d4 18.c4 g6 19.Bc1 Bg7 20.Nh2 Kh7 21.Rf1 Nd7 22.a3 Rab8 
23.Ra2 a5 24.Nf3 a4 25.Bd2 axb3 26.Bxb3 bxc4 27.Bxc4 Bxc4 28.dxc4 Rb3 29.
Rfa1 Ra8 30.Qd1 Qb7 31.Ne2 Rb6 32.Nc1 Qa6 33.Qe2 Qa4 34.Kh2 Rbb8 35.Ne1 
Bf8 36.Qd3 Bd6 37.Rc2 Nb4 38.Bxb4 cxb4 39.Rca2 bxa3 40.Nc2 Nc5 41.Qf3 Qxc4
42.Rxa3 Rxa3 43.Nxa3 Qe6 44.Nc2 Kg7 45.Ne1 f5 46.exf5 e4+ 47.g3 Qxf5 48.
Qe2 Ne6 49.Ra7+ Kf6 50.Kg2 d3 51.Ncxd3 exd3 52.Nxd3 Rb3 53.Ne1 Nf4+ 54.
gxf4 Qxh3+ 55.Kg1 Rg3+ 0-1

[Event "2nd Oakham Young Masters"]
[Site "Oakham ENG"]
[Date "1986.04.04"]
[Round "3"]
[White "Kuznecov, Alex"]
[Black "Shovel, Kenneth"]
[Result "0-1"]
[WhiteElo "2350"]
[BlackElo "2225"]
[EventDate "1986.04.02"]
[PlyCount "66"]
[Source "John Saunders"]

1.e4 Nf6 2.e5 Nd5 3.d4 d6 4.c4 Nb6 5.exd6 exd6 6.h3 Bf5 7.Nf3 Nc6 8.Be2 
Be7 9.O-O O-O 10.Nc3 Bf6 11.Bf4 Re8 12.Rc1 h6 13.d5 Ne5 14.Nd4 Bh7 15.b3 
Nbd7 16.Bh2 Nc5 17.Bxe5 dxe5 18.Nc2 e4 19.Ne3 Nd3 20.Bxd3 exd3 21.Qd2 c6 
22.Rce1 Bd4 23.Ncd1 Qb6 24.Kh1 a5 25.dxc6 bxc6 26.Ng4 Rxe1 27.Qxe1 Qb4 28.
Ne5 Qxe1 29.Rxe1 d2 30.Re2 Re8 31.f4 f6 32.Rxd2 fxe5 33.fxe5 c5 0-1

[Event "2nd Oakham Young Masters"]
[Site "Oakham ENG"]
[Date "1986.04.04"]
[Round "3"]
[White "Schulte, Oliver"]
[Black "Adler, Joel"]
[Result "1-0"]
[WhiteElo "2310"]
[BlackElo "2220"]
[EventDate "1986.04.02"]
[PlyCount "107"]
[Source "John Saunders"]

1.d4 Nf6 2.c4 c5 3.e3 e6 4.Nf3 a6 5.Nc3 d5 6.cxd5 exd5 7.b3 Nc6 8.Bb2 Bg4 
9.Be2 Bxf3 10.Bxf3 cxd4 11.exd4 Bd6 12.O-O O-O 13.g3 Bc7 14.Rc1 Re8 15.Na4
Bd6 16.Re1 Rxe1+ 17.Qxe1 Nb4 18.Rb1 b6 19.Nc3 Nd3 20.Qe2 Nxb2 21.Nxd5 Rc8 
22.Nxf6+ Qxf6 23.Rxb2 Qxd4 24.Rd2 Qc5 25.Qxa6 Re8 26.Kg2 g6 27.Rd5 Qc7 28.
Qd3 Rd8 29.a4 Be7 30.h4 Rxd5 31.Bxd5 Kg7 32.h5 Qe5 33.h6+ Kxh6 34.Bxf7 Bc5
35.Bc4 Qe7 36.Bd5 Qf6 37.Qd2+ Kg7 38.b4 Qd4 39.Qxd4+ Bxd4 40.a5 bxa5 41.
bxa5 Kf6 42.f4 g5 43.Be4 h5 44.Kh3 h4 45.g4 gxf4 46.Kxh4 Be3 47.a6 Ba7 48.
Kh5 Be3 49.Bb7 Kg7 50.Bf3 Kh7 51.Kg5 Kg7 52.Kf5 Kf7 53.Bd5+ Ke7 54.g5 1-0

[Event "2nd Oakham Young Masters"]
[Site "Oakham ENG"]
[Date "1986.04.04"]
[Round "3"]
[White "Carr, Neil"]
[Black "Ludvigsen, Frode"]
[Result "1-0"]
[WhiteElo "2295"]
[BlackElo "2235"]
[EventDate "1986.04.02"]
[PlyCount "79"]
[Source "John Saunders"]

1.e4 c5 2.Nc3 e6 3.g3 Nc6 4.Bg2 g6 5.d3 Bg7 6.Nge2 Nge7 7.Be3 Nd4 8.Qd2 
Nec6 9.Nd1 b6 10.Nxd4 cxd4 11.Bh6 O-O 12.O-O Bb7 13.Bxg7 Kxg7 14.f4 f6 15.
Nf2 Rc8 16.Rac1 b5 17.f5 Ne5 18.g4 g5 19.h3 Qb6 20.Nh1 Nc6 21.fxe6 dxe6 
22.Ng3 Ne5 23.Rf2 Rf7 24.Rcf1 Kg6 25.Qb4 a5 26.Qe1 b4 27.Nh5 Rcf8 28.Re2 
a4 29.b3 Qc5 30.Qg3 Bc6 31.h4 h6 32.Ref2 Bb5 33.Bf3 Bc6 34.Bd1 Bb7 35.Qh3 
Nd7 36.Rh2 Qe7 37.Rff2 Qc5 38.hxg5 fxg5 39.Ng7 Rh8 40.Qh5+ {time} 1-0

[Event "2nd Oakham Young Masters"]
[Site "Oakham ENG"]
[Date "1986.04.04"]
[Round "3"]
[White "Foguenne, Marc"]
[Black "Dunnington, Angus"]
[Result "0-1"]
[WhiteElo "2250"]
[BlackElo "2250"]
[EventDate "1986.04.02"]
[PlyCount "54"]
[Source "John Saunders"]

1.Nf3 Nf6 2.c4 d6 3.Nc3 Nbd7 4.g3 e5 5.Bg2 Be7 6.O-O O-O 7.d4 c6 8.Qc2 Re8
9.Rd1 Qc7 10.h3 Nf8 11.b3 Ng6 12.Bb2 Bd7 13.c5 exd4 14.cxd6 Bxd6 15.Nxd4 
Bxg3 16.fxg3 Qxg3 17.e3 Bxh3 18.Qf2 Qxf2+ 19.Kxf2 Ng4+ 20.Kg1 Bxg2 21.Kxg2
Nxe3+ 22.Kf2 Nxd1+ 23.Rxd1 Rad8 24.b4 Ne5 25.Nce2 a5 26.a3 axb4 27.axb4 b6
0-1

[Event "2nd Oakham Young Masters"]
[Site "Oakham ENG"]
[Date "1986.04.05"]
[Round "4"]
[White "Kuczynski, Robert"]
[Black "Thomas, Ian"]
[Result "1-0"]
[WhiteElo "2410"]
[BlackElo "2325"]
[EventDate "1986.04.02"]
[PlyCount "53"]
[Source "John Saunders"]

1.e4 e5 2.Nf3 Nc6 3.Bb5 a6 4.Ba4 Nf6 5.O-O b5 6.Bb3 Be7 7.Re1 d6 8.c3 O-O 
9.d3 h6 10.Nbd2 Na5 11.Bc2 c5 12.d4 cxd4 13.cxd4 Qb6 14.Nf1 Bg4 15.Ne3 
Rac8 16.Nxg4 Nxg4 17.h3 Nf6 18.d5 Nd7 19.b3 Qc7 20.Bd3 Nc5 21.Be3 Nab7 22.
b4 Na4 23.Qd2 Kh7 24.Rec1 Qd7 25.Be2 Rfe8 26.Nh2 a5 27.Rxc8 1-0

[Event "2nd Oakham Young Masters"]
[Site "Oakham ENG"]
[Date "1986.04.05"]
[Round "4"]
[White "Rojas Sepulveda, Eduardo"]
[Black "Conquest, Stuart"]
[Result "1-0"]
[WhiteElo "2330"]
[BlackElo "2400"]
[EventDate "1986.04.02"]
[PlyCount "119"]
[Source "John Saunders"]

1.d4 Nf6 2.Nf3 e6 3.c4 d5 4.Nc3 c6 5.cxd5 exd5 6.Bg5 Be7 7.Qc2 Na6 8.a3 
Nc7 9.e3 Ne6 10.Bh4 g6 11.Bd3 Ng7 12.O-O O-O 13.b4 a6 14.Rab1 Bf5 15.a4 
Bxd3 16.Qxd3 Nf5 17.Bxf6 Bxf6 18.b5 axb5 19.axb5 Ra3 20.Ra1 Qa5 21.Rxa3 
Qxa3 22.Qc2 Ra8 23.Nb1 Qd6 24.bxc6 bxc6 25.Rc1 Ra6 26.Nbd2 Rb6 27.Nb3 Qa3 
28.Nc5 Rb4 29.Qd1 Rb2 30.Qa4 Qxa4 31.Nxa4 Ra2 32.Nb6 Nd6 33.Nd7 Be7 34.
Nfe5 Ne4 35.Nxc6 Ba3 36.Rf1 f6 37.Nd8 Rc2 38.Ne6 Bd6 39.f3 Nc3 40.Ra1 Ne2+
41.Kf1 Kf7 42.Ndc5 Bxh2 43.Ra7+ Ke8 44.f4 Ng3+ 45.Ke1 Ne4 46.Nc7+ Kd8 47.
Nxd5 Nxc5 48.dxc5 Rxc5 49.Nxf6 Rc2 50.Rd7+ Kc8 51.Rd2 Bg3+ 52.Ke2 Rc7 53.
Ne4 Bh4 54.Nd6+ Kb8 55.Rb2+ Ka8 56.Kf3 Bf6 57.Ra2+ Kb8 58.Ne8 Rf7 59.Nxf6 
Rxf6 60.Rc2 1-0

[Event "2nd Oakham Young Masters"]
[Site "Oakham ENG"]
[Date "1986.04.05"]
[Round "4"]
[White "Waddingham, Graham"]
[Black "Piket, Jeroen"]
[Result "1-0"]
[WhiteElo "2305"]
[BlackElo "2410"]
[EventDate "1986.04.02"]
[PlyCount "59"]
[Source "John Saunders"]

1.e4 d6 2.d4 Nf6 3.Nc3 g6 4.Be3 Bg7 5.f3 c6 6.Qd2 b5 7.Bd3 Qc7 8.Bh6 O-O 
9.Bxg7 Kxg7 10.h4 e5 11.h5 exd4 12.e5 dxe5 13.Ne4 Nxe4 14.Bxe4 Na6 15.Ne2 
Be6 16.hxg6 fxg6 17.Qh6+ Kh8 18.Qxg6 Bg8 19.Qxc6 Qxc6 20.Bxc6 Rab8 21.Kd2 
Nc5 22.Rh4 b4 23.Be4 Rfc8 24.Nc1 Rb5 25.Nd3 Nxd3 26.Bxd3 Ra5 27.Rh5 Rcc5 
28.Be4 Kg7 29.a4 bxa3 30.b4 1-0

[Event "2nd Oakham Young Masters"]
[Site "Oakham ENG"]
[Date "1986.04.05"]
[Round "4"]
[White "Howell, James"]
[Black "McDonald, Neil R."]
[Result "0-1"]
[WhiteElo "2395"]
[BlackElo "2320"]
[EventDate "1986.04.02"]
[PlyCount "120"]
[Source "John Saunders"]

1.e4 e6 2.d4 d5 3.Nd2 Nf6 4.e5 Nfd7 5.f4 c5 6.c3 Nc6 7.Ndf3 Qb6 8.a3 a5 9.
g3 Be7 10.Kf2 f6 11.Kg2 O-O 12.Bd3 Rf7 13.Ne2 cxd4 14.cxd4 Nf8 15.Rb1 Bd7 
16.Be3 fxe5 17.fxe5 Ng6 18.Qd2 Raf8 19.Rhf1 a4 20.h4 Rc8 21.h5 Nf8 22.h6 
Na5 23.hxg7 Ng6 24.Bxg6 hxg6 25.Rh1 Nc4 26.Qd3 Qb3 27.Qxb3 axb3 28.Bh6 Bb5
29.Nc3 Nxa3 30.Rbc1 Bd7 31.bxa3 b2 32.Rc2 Bxa3 33.Ng5 Rf5 34.Rb1 b5 35.Kh3
b4 36.Nxd5 exd5 37.Rxc8+ Bxc8 38.e6 Rxg5 39.Bxg5 Bxe6+ 40.g4 Kxg7 41.Bd2 
Bc8 42.Kg3 Ba6 43.Kf4 Bd3 44.Bxb4 Bxb4 45.Rxb2 Bd6+ 46.Kg5 Be7+ 47.Kf4 
Bd6+ 48.Kg5 Kf7 49.Rf2+ Ke6 50.Kh6 Bb4 51.Kh7 Be4 52.Rf1 Bd2 53.Rd1 Bf4 
54.Kg7 Kd6 55.Kf6 Kc6 56.Rf1 g5 57.Ra1 Kb5 58.Ke6 Kc4 59.Ra4+ Kd3 60.Rb4 
Ke3 0-1

[Event "2nd Oakham Young Masters"]
[Site "Oakham ENG"]
[Date "1986.04.05"]
[Round "4"]
[White "Buckmire, Ron"]
[Black "Condie, Mark"]
[Result "0-1"]
[WhiteElo "2280"]
[BlackElo "2425"]
[EventDate "1986.04.02"]
[PlyCount "66"]
[Source "John Saunders"]

1.d4 d5 2.Nf3 Nf6 3.c4 e6 4.Nc3 Nbd7 5.g3 dxc4 6.Qa4 a6 7.Qxc4 c5 8.dxc5 
Bxc5 9.Bg2 b5 10.Qb3 Bb7 11.O-O O-O 12.Bf4 Qb6 13.a3 Ng4 14.Nd1 Rfd8 15.h3
Ngf6 16.Be3 Rac8 17.Rc1 Nd5 18.Bd2 N7f6 19.Ne1 Ne7 20.Bxb7 Qxb7 21.Qf3 
Qxf3 22.Nxf3 Ne4 23.Be3 Bd6 24.Ng5 Nxg5 25.Bxg5 f6 26.Be3 Nf5 27.Kg2 Be5 
28.Bc5 Rd2 29.b3 Rxe2 30.Kf3 Nd4+ 31.Bxd4 Rxc1 32.Kxe2 Bxd4 33.Ne3 Bxe3 
0-1

[Event "2nd Oakham Young Masters"]
[Site "Oakham ENG"]
[Date "1986.04.05"]
[Round "4"]
[White "Wolff, Patrick"]
[Black "Emms, John"]
[Result "1/2-1/2"]
[WhiteElo "2370"]
[BlackElo "2305"]
[EventDate "1986.04.02"]
[PlyCount "73"]
[Source "John Saunders"]

1.e4 g6 2.d4 Bg7 3.Nf3 d6 4.Be2 Nf6 5.Nc3 O-O 6.O-O Bg4 7.Be3 Nc6 8.Qd2 e5
9.dxe5 dxe5 10.Rad1 Qc8 11.Qc1 Rd8 12.Rxd8+ Nxd8 13.Qd2 Bxf3 14.Bxf3 Ne6 
15.Rd1 c6 16.a4 Qc7 17.Qd3 Bf8 18.Qc4 Qa5 19.Na2 Rd8 20.Rxd8 Nxd8 21.c3 b5
22.axb5 cxb5 23.Qb3 Ne6 24.Nc1 Bc5 25.Bd2 Nd4 26.Qd1 Nxf3+ 27.Qxf3 Be7 28.
Qd3 a6 29.f3 Qd8 30.Qxd8+ Bxd8 31.Nd3 Nd7 32.Nb4 a5 33.Nc6 Bb6+ 34.Kf1 a4 
35.Ke2 f6 36.Be3 Kf7 37.Bxb6 1/2-1/2

[Event "2nd Oakham Young Masters"]
[Site "Oakham ENG"]
[Date "1986.04.05"]
[Round "4"]
[White "Dunnington, Angus"]
[Black "Marin, Mihail"]
[Result "1/2-1/2"]
[WhiteElo "2250"]
[BlackElo "2425"]
[EventDate "1986.04.02"]
[PlyCount "38"]
[Source "John Saunders"]

1.e4 c5 2.f4 g6 3.Nf3 Bg7 4.Nc3 Nc6 5.Bb5 Nd4 6.Bd3 d6 7.Nxd4 cxd4 8.Ne2 
e6 9.c3 dxc3 10.dxc3 Nf6 11.Ng3 O-O 12.O-O Bd7 13.Be3 Bc6 14.Qe2 Qc7 15.
Rae1 b6 16.h3 Rae8 17.Qc2 Nd7 18.f5 Qd8 19.Qd2 Qh4 1/2-1/2

[Event "2nd Oakham Young Masters"]
[Site "Oakham ENG"]
[Date "1986.04.05"]
[Round "4"]
[White "Galego, Luis"]
[Black "Horvath, Csaba"]
[Result "0-1"]
[WhiteElo "2330"]
[BlackElo "2345"]
[EventDate "1986.04.02"]
[PlyCount "84"]
[Source "John Saunders"]

1.e4 c5 2.Nf3 e6 3.b3 a6 4.Bb2 Nc6 5.Be2 Qc7 6.O-O Nf6 7.d3 Be7 8.Nbd2 O-O
9.Re1 d5 10.exd5 Nxd5 11.Bf1 Bf6 12.Bxf6 Nxf6 13.Qc1 b6 14.Qb2 Bb7 15.Rad1
Rad8 16.c3 Rd5 17.a3 a5 18.Ne4 Ng4 19.h3 Nge5 20.Nxe5 Nxe5 21.b4 Rfd8 22.
bxc5 bxc5 23.d4 cxd4 24.cxd4 Nc6 25.Nc3 Rxd4 26.Rb1 R4d7 27.Bb5 Rd2 28.Qc1
Nd4 29.Rb2 Rxb2 30.Qxb2 Nxb5 31.Nxb5 Qc6 32.f3 h6 33.Kh1 Rd3 34.Rc1 Qb6 
35.a4 Qe3 36.Rg1 Bd5 37.Qc2 Rd2 38.Qc3 Qf2 39.Qc8+ Kh7 40.Qc3 f5 41.Qa3 
Re2 42.Nc7 Re1 0-1

[Event "2nd Oakham Young Masters"]
[Site "Oakham ENG"]
[Date "1986.04.05"]
[Round "4"]
[White "Nikolic, Nebojsa"]
[Black "Burgess, Mark"]
[Result "1-0"]
[WhiteElo "2350"]
[BlackElo "2270"]
[EventDate "1986.04.02"]
[PlyCount "125"]
[Source "John Saunders"]

1.d4 e6 2.c4 Nf6 3.Nc3 Bb4 4.Qb3 Nc6 5.Nf3 Qe7 6.a3 Bxc3+ 7.Qxc3 d5 8.e3 
O-O 9.b4 dxc4 10.Bxc4 Qd6 11.O-O Ne7 12.Bd3 Rd8 13.Rd1 Bd7 14.Qc2 Qc6 15.
Qb1 Qb6 16.Bd2 Bb5 17.Bxb5 Qxb5 18.e4 h6 19.a4 Qh5 20.Re1 Ng6 21.Ra3 c6 
22.Rc3 e5 23.h3 Nh4 24.dxe5 Nxe4 25.Qxe4 Nxf3+ 26.Rxf3 Rxd2 27.e6 fxe6 28.
Qxe6+ Kh8 29.Re5 Qh4 30.Re4 Rd1+ 31.Kh2 Qd8 32.Rf7 Qd6+ 33.Qxd6 Rxd6 34.
Rg4 g5 35.Rxb7 a5 36.bxa5 Rxa5 37.Re4 Ra8 38.Rc7 Rf6 39.Rc4 c5 40.Kg3 Rfa6
41.h4 gxh4+ 42.Rxh4 Rg8+ 43.Kh3 Rg5 44.g3 Re5 45.Rc4 Kg8 46.f4 Rd5 47.Re4 
Kf8 48.Ree7 Rdd6 49.Rh7 Kg8 50.Rcg7+ Kf8 51.Rb7 Kg8 52.Rhc7 Rd8 53.Rxc5 
Rxa4 54.Rc6 Ra1 55.Rg6+ Kf8 56.Kg4 Rh1 57.Rh7 Rd3 58.Rhxh6 Rg1 59.Kh3 Kf7 
60.Kh2 Ra1 61.Ra6 Rd2+ 62.Kh3 Rh1+ 63.Kg4 1-0

[Event "2nd Oakham Young Masters"]
[Site "Oakham ENG"]
[Date "1986.04.05"]
[Round "4"]
[White "Walker, Susan"]
[Black "Arlandi, Ennio"]
[Result "1/2-1/2"]
[WhiteElo "2220"]
[BlackElo "2360"]
[EventDate "1986.04.02"]
[PlyCount "35"]
[Source "John Saunders"]

1.e4 e5 2.Nf3 Nf6 3.Nxe5 d6 4.Nf3 Nxe4 5.Qe2 Qe7 6.d3 Nf6 7.Bg5 Nbd7 8.Nc3
Qxe2+ 9.Bxe2 h6 10.Bd2 g6 11.O-O Bg7 12.Rfe1 Nb6 13.Bf1+ Kd8 14.g3 Bd7 15.
Bg2 Bc6 16.Rab1 Re8 17.Ne2 Bd7 18.Nfd4 1/2-1/2

[Event "2nd Oakham Young Masters"]
[Site "Oakham ENG"]
[Date "1986.04.05"]
[Round "4"]
[White "Schulte, Oliver"]
[Black "Foguenne, Marc"]
[Result "1/2-1/2"]
[WhiteElo "2310"]
[BlackElo "2250"]
[EventDate "1986.04.02"]
[PlyCount "123"]
[Source "John Saunders"]

1.d4 Nf6 2.c4 g6 3.Nc3 d5 4.Nf3 Bg7 5.cxd5 Nxd5 6.e4 Nxc3 7.bxc3 O-O 8.Be2
c5 9.Rb1 cxd4 10.cxd4 Qa5+ 11.Qd2 Qxd2+ 12.Bxd2 e6 13.Bc4 Nc6 14.d5 exd5 
15.Bxd5 Ne7 16.Bc4 b5 17.Bxb5 Be6 18.a4 a6 19.Bd3 Nc6 20.Rb6 Rfd8 21.Rxa6 
Rac8 22.Ke2 Bg4 23.Rc1 Nd4+ 24.Kf1 Nxf3 25.gxf3 Rxd3 26.fxg4 Rxc1+ 27.Bxc1
Rd1+ 28.Ke2 Rxc1 29.Ra8+ Bf8 30.a5 Kg7 31.Kd3 Rc7 32.a6 Bc5 33.f4 Kf6 34.
e5+ Ke6 35.Ke4 Bb6 36.f5+ Ke7 37.Rb8 Ba7 38.Rb7 Rxb7 39.axb7 g5 40.h3 Bb8 
41.Kd5 Kd7 42.Ke4 Ke7 43.Kd5 h6 44.Ke4 Kd7 45.Kd5 Bc7 46.Ke4 Kc6 47.f6 
Kxb7 48.Kd5 Bxe5 49.Kxe5 Kc6 50.Ke4 Kd6 51.Kd4 Ke6 52.Kc5 Kxf6 53.Kd6 Kg7 
54.Kd5 f5 55.gxf5 Kf6 56.Ke4 h5 57.h4 g4 58.Kf4 Ke7 59.Ke4 Kd6 60.Kd4 Kc7 
61.Ke3 Kd8 62.Kd2 1/2-1/2

[Event "2nd Oakham Young Masters"]
[Site "Oakham ENG"]
[Date "1986.04.06"]
[Round "5"]
[White "Conquest, Stuart"]
[Black "Nikolic, Nebojsa"]
[Result "1-0"]
[WhiteElo "2400"]
[BlackElo "2350"]
[EventDate "1986.04.02"]
[PlyCount "69"]
[Source "John Saunders"]

1.c4 e5 2.Nc3 Nc6 3.g3 g6 4.Bg2 Bg7 5.Rb1 a5 6.a3 d6 7.b4 axb4 8.axb4 Nf6 
9.d3 O-O 10.Nf3 h6 11.Nd2 Ne7 12.e4 Be6 13.O-O c6 14.Nb3 d5 15.Nc5 Bg4 16.
f3 Bc8 17.Kh1 Ne8 18.b5 b6 19.bxc6 dxc4 20.Nd7 Bxd7 21.cxd7 Qxd7 22.dxc4 
Qc6 23.Qb3 Nd6 24.Ba3 Rfd8 25.Nb5 Nxb5 26.cxb5 Qe8 27.Rfd1 Rxd1+ 28.Rxd1 
Rd8 29.Bf1 Rxd1 30.Qxd1 Bf8 31.Bb2 Nc8 32.Qd5 Bd6 33.Bh3 Bc5 34.Bd7 Qd8 
35.Bxc8 1-0

[Event "2nd Oakham Young Masters"]
[Site "Oakham ENG"]
[Date "1986.04.06"]
[Round "5"]
[White "Kuczynski, Robert"]
[Black "Rojas Sepulveda, Eduardo"]
[Result "1/2-1/2"]
[WhiteElo "2410"]
[BlackElo "2330"]
[EventDate "1986.04.02"]
[PlyCount "72"]
[Source "John Saunders"]

1.e4 c5 2.Nf3 e6 3.Nc3 d6 4.d4 cxd4 5.Nxd4 Nf6 6.Be2 Be7 7.O-O Nc6 8.Kh1 
Bd7 9.f4 Nxd4 10.Qxd4 Bc6 11.Bd3 O-O 12.Qe3 a6 13.Qh3 Nd7 14.Be3 Nc5 15.
Bxc5 dxc5 16.Rad1 Qb6 17.Nd5 exd5 18.exd5 g6 19.dxc6 Qxc6 20.Bc4 Rad8 21.
Rxd8 Bxd8 22.Qd3 Bf6 23.Bd5 Qb5 24.f5 Kg7 25.fxg6 hxg6 26.Qf3 Qxb2 27.Bxb7
a5 28.Bd5 Qc3 29.Qxc3 Bxc3 30.Rf3 Be5 31.g3 f6 32.Re3 Bc7 33.Rc3 Bd6 34.
Kg2 Rb8 35.Kf3 Rb4 36.Rd3 Be5 1/2-1/2

[Event "2nd Oakham Young Masters"]
[Site "Oakham ENG"]
[Date "1986.04.06"]
[Round "5"]
[White "Dunnington, Angus"]
[Black "Klinger, Josef"]
[Result "1-0"]
[WhiteElo "2250"]
[BlackElo "2445"]
[EventDate "1986.04.02"]
[PlyCount "79"]
[Source "John Saunders"]

1.e4 e6 2.Nc3 d5 3.Nf3 Nf6 4.e5 Nfd7 5.d4 c5 6.Bb5 Nc6 7.O-O a6 8.Bxc6 
bxc6 9.Ne2 cxd4 10.Qxd4 Qc7 11.Bf4 Be7 12.Rfe1 Rb8 13.Rab1 O-O 14.Qd2 Nb6 
15.b3 Bb7 16.Ng3 c5 17.Nh5 Kh8 18.Ng5 d4 19.Qd3 Bxg5 20.Bxg5 Rg8 21.Qg3 
Nd5 22.Qh4 Rbf8 23.Rbd1 f6 24.Bc1 Qf7 25.Ng3 g5 26.Qh5 Qg7 27.Ne4 fxe5 28.
Qxg5 Qxg5 29.Bxg5 Nb4 30.Be7 Rf4 31.Ng3 Nc6 32.Bxc5 Rfg4 33.Bd6 h5 34.h3 
R4g7 35.h4 Rc8 36.Rxe5 Rd7 37.Rxe6 Nd8 38.Be5+ Kh7 39.Rd6 Rxd6 40.Bxd6 {
time} 1-0

[Event "2nd Oakham Young Masters"]
[Site "Oakham ENG"]
[Date "1986.04.06"]
[Round "5"]
[White "Blatny, Pavel"]
[Black "Buckmire, Ron"]
[Result "1/2-1/2"]
[WhiteElo "2415"]
[BlackElo "2280"]
[EventDate "1986.04.02"]
[PlyCount "83"]
[Source "John Saunders"]

1.e4 c5 2.Nc3 Nc6 3.g3 g6 4.Bg2 Bg7 5.d3 d6 6.Be3 Rb8 7.Qd2 b5 8.f4 b4 9.
Nd1 a5 10.Ne2 Qb6 11.O-O Nf6 12.h3 O-O 13.g4 Ne8 14.f5 Nd4 15.Nf4 Nc7 16.
Nd5 Nxd5 17.exd5 a4 18.c3 bxc3 19.bxc3 Nb5 20.Rb1 Qa7 21.Bh6 Bd7 22.Be4 
Nc7 23.Rxb8 Qxb8 24.h4 Ne8 25.fxg6 fxg6 26.Rxf8+ Kxf8 27.Bxg7+ Kxg7 28.g5 
Nc7 29.Kg2 Be8 30.c4 Qb4 31.Qc3+ Qxc3 32.Nxc3 e6 33.dxe6 Nxe6 34.Nb5 d5 
35.cxd5 Bxb5 36.dxe6 Kf8 37.h5 gxh5 38.Kg3 Ke7 39.Kh4 Be8 40.Bxh7 Kxe6 41.
Be4 Ke5 42.a3 1/2-1/2

[Event "2nd Oakham Young Masters"]
[Site "Oakham ENG"]
[Date "1986.04.06"]
[Round "5"]
[White "Wells, Peter"]
[Black "Foguenne, Marc"]
[Result "1-0"]
[WhiteElo "2400"]
[BlackElo "2250"]
[EventDate "1986.04.02"]
[PlyCount "57"]
[Source "John Saunders"]

1.d4 Nf6 2.Nf3 g6 3.Bg5 Bg7 4.Nbd2 d5 5.e3 Ne4 6.Nxe4 dxe4 7.Nd2 f5 8.Bc4 
Nc6 9.c3 Na5 10.Be2 O-O 11.Qa4 Nc6 12.Qb3+ Kh8 13.h4 Bf6 14.f4 exf3 15.
Nxf3 Bxg5 16.Nxg5 Kg7 17.O-O-O h6 18.Nf3 e6 19.Bb5 Qd6 20.Bxc6 Qxc6 21.Ne5
Qd6 22.g4 b6 23.gxf5 gxf5 24.Rdg1+ Kh7 25.Qd1 Bb7 26.Qh5 Rf6 27.Rg6 Qf8 
28.Rhg1 Bd5 29.Nd7 1-0

[Event "2nd Oakham Young Masters"]
[Site "Oakham ENG"]
[Date "1986.04.06"]
[Round "5"]
[White "Piket, Jeroen"]
[Black "Ludvigsen, Frode"]
[Result "1-0"]
[WhiteElo "2410"]
[BlackElo "2235"]
[EventDate "1986.04.02"]
[PlyCount "47"]
[Source "John Saunders"]

1.d4 Nf6 2.c4 e6 3.Nf3 d5 4.Nc3 Be7 5.Bg5 Nbd7 6.e3 O-O 7.Qc2 Re8 8.Bd3 c6
9.Rd1 a6 10.O-O dxc4 11.Bxc4 b5 12.Bb3 Qb6 13.e4 Bb7 14.e5 Nd5 15.Bxe7 
Nxe7 16.Ne4 h6 17.Nd6 Red8 18.Qe4 Nd5 19.g4 c5 20.g5 Bc6 21.gxh6 N7f6 22.
Qh4 Rxd6 23.hxg7 Nh7 24.Ng5 1-0

[Event "2nd Oakham Young Masters"]
[Site "Oakham ENG"]
[Date "1986.04.06"]
[Round "5"]
[White "Galego, Luis"]
[Black "Waddingham, Graham"]
[Result "0-1"]
[WhiteElo "2330"]
[BlackElo "2305"]
[EventDate "1986.04.02"]
[PlyCount "50"]
[Source "John Saunders"]

1.e4 e5 2.Nc3 Nc6 3.f4 exf4 4.Nf3 g5 5.h3 Bg7 6.d4 h5 7.d5 Ne5 8.Nd4 d6 9.
Bb5+ Kf8 10.Be2 a6 11.h4 Ng4 12.O-O Be5 13.hxg5 Qxg5 14.Nf3 Qf6 15.a4 Ne7 
16.Ra3 Rg8 17.Qe1 h4 18.Nxe5 dxe5 19.Nd1 Qg5 20.Rd3 Nf6 21.Bf3 h3 22.Qc3 
Bg4 23.Rd2 Qh4 24.Bxg4 h2+ 25.Kh1 Nxe4 0-1

[Event "2nd Oakham Young Masters"]
[Site "Oakham ENG"]
[Date "1986.04.06"]
[Round "5"]
[White "Dawson, Craig"]
[Black "Macfarlane, Donald"]
[Result "1/2-1/2"]
[WhiteElo "2275"]
[BlackElo "2360"]
[EventDate "1986.04.02"]
[PlyCount "81"]
[Source "John Saunders"]

1.e4 c5 2.Nf3 e6 3.Nc3 Nc6 4.Bb5 Nge7 5.d4 cxd4 6.Nxd4 Nxd4 7.Qxd4 a6 8.
Bd3 Nc6 9.Qe3 Qc7 10.O-O Be7 11.Qg3 Qxg3 12.hxg3 b5 13.Bf4 d6 14.Rfd1 O-O 
15.Ne2 Bb7 16.c3 Rfd8 17.Rac1 Rac8 18.f3 Ne5 19.Bxe5 dxe5 20.Bc2 h5 21.
Rxd8+ Rxd8 22.Rd1 Bc5+ 23.Kf1 Rxd1+ 24.Bxd1 Be3 25.Bc2 Bc6 26.Bd3 Kf8 27.
Ke1 g6 28.Kd1 Ke7 29.Kc2 f5 30.b4 Kf6 31.a4 bxa4 32.Kb2 g5 33.g4 hxg4 34.
fxg4 Bb5 35.Bxb5 axb5 36.Ka3 fxe4 37.c4 bxc4 38.Nc3 Bc1+ 39.Kxa4 e3 40.Kb5
Bd2 41.Kxc4 1/2-1/2

[Event "2nd Oakham Young Masters"]
[Site "Oakham ENG"]
[Date "1986.04.06"]
[Round "5"]
[White "Pulkkinen, Kari"]
[Black "Wolff, Patrick"]
[Result "1-0"]
[WhiteElo "2245"]
[BlackElo "2370"]
[EventDate "1986.04.02"]
[PlyCount "61"]
[Source "John Saunders"]

1.e4 d6 2.d4 Nf6 3.Nc3 g6 4.h3 Bg7 5.g4 c5 6.dxc5 Qa5 7.Qd3 Qxc5 8.Bg2 Nc6
9.Be3 Ne5 10.Qb5+ Qc6 11.Nge2 a6 12.Qxc6+ Nxc6 13.g5 Nd7 14.Nd5 Rb8 15.
O-O-O b5 16.f4 Na5 17.Ba7 Rb7 18.Bf2 Rb8 19.h4 h5 20.Rhe1 Nc4 21.b3 Ncb6 
22.Nd4 Bb7 23.Re2 Nc8 24.Nc7+ Kf8 25.Bh3 Nc5 26.e5 Ne4 27.Be1 d5 28.Rxe4 
dxe4 29.Nc6 Bxe5 30.Nxe5 Nb6 31.Ba5 1-0